[Event "División de Honor Aragonesa 2019"]
[Site "?"]
[Date "2019.03.16"]
[Round "8.27"]
[White "Martin Catalan, Juan Vicente"]
[Black "Palomar Ramon, Santiago"]
[Result "1/2-1/2"]
[WhiteElo "2028"]
[BlackElo "1946"]
[PlyCount "120"]
[EventDate "2019.??.??"]
[EventType "tourn"]
[EventCountry "ESP"]
[WhiteTeam "Teruel"]
[BlackTeam "San Jose"]

1. d4 d5 2. Bf4 Bg4 3. c4 c6 4. Nc3 e6 5. Nf3 Nd7 6. Qb3 Qb6 7. e3 Ngf6 8. Bd3
dxc4 9. Bxc4 Nd5 10. Bg3 Be7 11. O-O O-O 12. Ne5 Nxe5 13. Bxe5 Qxb3 14. Bxb3
Rfd8 15. Rac1 Bf5 16. a3 Bd6 17. Bxd6 Rxd6 18. Na4 Rb8 19. Nc5 Nf6 20. Bc2 Bxc2
21. Rxc2 Kf8 22. Rfc1 Ke7 23. f3 Rd5 24. Rc3 Nd7 25. Nd3 e5 26. dxe5 Nxe5 27.
Nxe5 Rxe5 28. Rd1 Rd8 29. Rxd8 Kxd8 30. Kf2 f5 31. Ke2 Rb5 32. b3 Ke7 33. Rd3
Ke6 34. Kd2 a5 35. Kc3 Rc5+ 36. Kd2 b5 37. Rd4 Rd5 38. b4 axb4 39. axb4 c5 40.
bxc5 Rxc5 41. e4 fxe4 42. Rxe4+ Re5 43. Rg4 Rd5+ 44. Kc3 Kf6 45. Kb4 h5 46.
Rf4+ Kg5 47. Re4 h4 48. g3 hxg3 49. hxg3 g6 50. Rf4 Re5 51. Rf7 Rd5 52. Rf8 Kh6
53. Rf6 Rg5 54. g4 Rd5 55. f4 Kg7 56. g5 Kh7 57. Rf7+ Kg8 58. Rf6 Kg7 59. Ka5
Rc5 60. Kb4 Rd5 1/2-1/2

[Event "División de Honor Aragonesa 2019"]
[Site "?"]
[Date "2019.03.16"]
[Round "8.28"]
[White "Gonzalez Castillo, Javier"]
[Black "Gomez Calomarde, Saul"]
[Result "0-1"]
[WhiteElo "1457"]
[BlackElo "2033"]
[PlyCount "114"]
[EventDate "2019.??.??"]
[EventType "tourn"]
[EventCountry "ESP"]
[WhiteTeam "San Jose"]
[BlackTeam "Teruel"]

1. e4 b6 2. d4 Bb7 3. Bd3 e6 4. Nf3 Nf6 5. Nbd2 d6 6. c4 Be7 7. O-O Nbd7 8. Re1
c5 9. d5 Ng4 10. dxe6 fxe6 11. Ng5 Nxf2 12. Nxe6 Nxd1 13. Nxd8 Rxd8 14. Rxd1
Ne5 15. Bc2 Bg5 16. b3 Be3+ 17. Kh1 Ng4 18. Rf1 Nf2+ 19. Rxf2 Bxf2 20. Nf3 O-O
21. Bg5 Rde8 22. Rf1 Bd4 23. Re1 Bf6 24. Bd2 Re7 25. Bf4 Re6 26. Bg3 Rfe8 27.
Kg1 Bxe4 28. Bxe4 Rxe4 29. Rxe4 Rxe4 30. Kf1 Be5 31. Nxe5 dxe5 32. Kf2 Rd4 33.
Ke2 Kf7 34. Bf2 Rd7 35. g4 Kf6 36. h4 g5 37. h5 Rd4 38. Kf3 Rf4+ 39. Kg3 e4 40.
Be1 Rf3+ 41. Kg2 Ke5 42. Bd2 h6 43. Bc1 Rf7 44. Be3 Rf8 45. a3 Rf3 46. Bc1 Rxb3
47. Kf2 Kd4 48. Ke2 Kxc4 49. Kf2 Rc3 50. Be3 Kd3 51. Bxg5 hxg5 52. h6 e3+ 53.
Kf3 e2 54. h7 e1=Q 55. h8=Q Qe3+ 56. Kg2 Rc2+ 57. Kh1 Qe1# 0-1

[Event "División de Honor Aragonesa 2019"]
[Site "?"]
[Date "2019.03.30"]
[Round "10.17"]
[White "Garcia Fernandez, Javier"]
[Black "Llanes Luno, Ricardo"]
[Result "1-0"]
[WhiteElo "2179"]
[BlackElo "2201"]
[PlyCount "79"]
[EventDate "2019.??.??"]
[EventType "tourn"]
[EventCountry "ESP"]
[WhiteTeam "Teruel"]
[BlackTeam "Delicias"]

1. e4 e5 2. Nf3 Nc6 3. Bb5 a6 4. Bxc6 dxc6 5. O-O Bg4 6. h3 Bxf3 7. Qxf3 Qf6 8.
Qe3 g6 9. b3 Bh6 10. Qc3 Qd6 11. f4 Qd4+ 12. Qxd4 exd4 13. d3 Bg7 14. f5 gxf5
15. Rxf5 Ne7 16. Rf2 c5 17. Bf4 Kd7 18. Nd2 Raf8 19. Raf1 f5 20. Bg5 fxe4 21.
Nxe4 b6 22. Rxf8 Rxf8 23. Rxf8 Bxf8 24. Nf6+ Ke6 25. Nxh7 Ng6 26. Nxf8+ Nxf8
27. Bf4 c6 28. Kf2 b5 29. Kf3 Kd5 30. h4 c4 31. h5 cxb3 32. cxb3 c5 33. g4 c4
34. dxc4+ bxc4 35. bxc4+ Kxc4 36. g5 Ne6 37. g6 d3 38. Bd2 Kd5 39. h6 Nd4+ 40.
Kg4 1-0

[Event "División de Honor Aragonesa 2019"]
[Site "?"]
[Date "2019.03.30"]
[Round "10.18"]
[White "Lamas Mercadal, Manuel"]
[Black "Dominguez Bujeda, Jesus"]
[Result "1-0"]
[WhiteElo "2176"]
[BlackElo "2062"]
[PlyCount "83"]
[EventDate "2019.??.??"]
[EventType "tourn"]
[EventCountry "ESP"]
[WhiteTeam "Delicias"]
[BlackTeam "Teruel"]

1. e4 c5 2. Nf3 e6 3. d4 cxd4 4. c3 Nf6 5. e5 Nd5 6. cxd4 d6 7. Bc4 Nb6 8. Bd3
Nc6 9. O-O Nb4 10. Be4 d5 11. Bd3 Nxd3 12. Qxd3 Be7 13. b3 Bd7 14. Ba3 Rc8 15.
Bxe7 Qxe7 16. Nc3 O-O 17. Rac1 Rc7 18. Ne2 Rfc8 19. Rxc7 Rxc7 20. Nf4 h6 21.
Nh5 Qb4 22. Qe3 Bb5 23. Rd1 Qc3 24. Qf4 Qc2 25. Re1 Be2 26. Qg3 Qg6 27. Qxg6
fxg6 28. Rxe2 Rc1+ 29. Re1 Rxe1+ 30. Nxe1 gxh5 31. Nd3 Nd7 32. Nf4 Kf7 33. Nxh5
Nb8 34. Nf4 Nc6 35. Ne2 Nb4 36. a4 Nc2 37. f4 Kg6 38. g4 h5 39. f5+ exf5 40.
gxh5+ Kxh5 41. Nf4+ Kg5 42. h4+ 1-0

[Event "División de Honor Aragonesa 2019"]
[Site "?"]
[Date "2019.03.30"]
[Round "10.19"]
[White "Martin Catalan, Juan Vicente"]
[Black "Llanes Luno, Pedro Alfredo"]
[Result "0-1"]
[WhiteElo "2028"]
[BlackElo "2011"]
[PlyCount "86"]
[EventDate "2019.??.??"]
[EventType "tourn"]
[EventCountry "ESP"]
[WhiteTeam "Teruel"]
[BlackTeam "Delicias"]

1. d4 Nf6 2. Bf4 g6 3. e3 Bg7 4. Nf3 O-O 5. Be2 d6 6. h3 Nbd7 7. O-O b6 8. c3
Bb7 9. Nbd2 c5 10. a4 a6 11. Re1 Nd5 12. Bh2 e5 13. dxe5 dxe5 14. Nc4 e4 15.
Nfd2 f5 16. Nd6 Bc6 17. Bc4 Ne5 18. Bxd5+ Bxd5 19. Bxe5 Bxe5 20. N2c4 Bxc4 21.
Nxc4 Bc7 22. Qb3 Kg7 23. Rad1 Qf6 24. Rd7+ Rf7 25. Red1 Raf8 26. Qc2 Qe6 27.
Rxf7+ Rxf7 28. Nd2 h5 29. Nf1 h4 30. c4 g5 31. Rd5 Be5 32. b3 g4 33. hxg4 fxg4
34. Nd2 Qf5 35. Nxe4 h3 36. Qd3 Kh6 37. gxh3 gxh3 38. Qf1 Qg4+ 39. Kh1 Qf3+ 40.
Kg1 Rg7+ 41. Ng3 Rxg3+ 42. fxg3 Qxg3+ 43. Kh1 Qh2# 0-1

[Event "División de Honor Aragonesa 2019"]
[Site "?"]
[Date "2019.03.30"]
[Round "10.20"]
[White "Fabre Perez, Jose Maria"]
[Black "Gomez Calomarde, Saul"]
[Result "0-1"]
[WhiteElo "1994"]
[BlackElo "2033"]
[PlyCount "96"]
[EventDate "2019.??.??"]
[EventType "tourn"]
[EventCountry "ESP"]
[WhiteTeam "Delicias"]
[BlackTeam "Teruel"]

1. c4 c6 2. g3 d5 3. Nf3 Nf6 4. Bg2 g6 5. b3 Bg7 6. Bb2 Qb6 7. Qc2 Na6 8. O-O
O-O 9. Na3 Bg4 10. h3 Bd7 11. d3 Nb4 12. Qd2 e6 13. Rfc1 c5 14. Ne5 d4 15. Nxd7
Nxd7 16. Kh2 f5 17. Nc2 Nc6 18. Ne1 Rae8 19. e3 e5 20. exd4 exd4 21. Nf3 Nde5
22. Re1 Qc7 23. Nxe5 Bxe5 24. Bd5+ Kg7 25. f4 Bd6 26. Rxe8 Rxe8 27. Re1 Rxe1
28. Qxe1 Nb4 29. Qe2 Nxd5 30. cxd5 Qe7 31. Qxe7+ Bxe7 32. b4 Kf7 33. b5 Ke8 34.
Kg2 Kd7 35. g4 Kd6 36. Kf3 Kxd5 37. Ba3 Bd8 38. Ke2 Bc7 39. Bc1 c4 40. dxc4+
Kxc4 41. a4 Kc3 42. Bd2+ Kc2 43. a5 a6 44. bxa6 bxa6 45. Bb4 Bxf4 46. Kf3 Bd2
47. Bc5 d3 48. Bb6 Bh6 0-1